000 00888nam a22003017a 4500
001 0017242
003 KOHA_MİRAKIL
005 20260207002132.0
007 ta
008 100517b2000 tu |||gr||||#||||0|tur |
020 _a9757655538
_qc.1
_q9757655201
_qc.2
_cTL0,01
040 _aTR-BiSEU
_btur
_cTR-BiSEU
_erda
041 0 _atur
044 _ctu
050 _aML3758
_b.T87 2000
245 0 _aTürk sanat müziği seçme eserler 2.
250 _a2. bsk.
264 1 _aAnkara :
_bTRT Basımevi
_c2000
300 _a2 c. (c.1.515-c.2580 s.); 28 cm.
336 _ametin
_btxt
_2rdacontent
337 _aaracısız
_bn
_2rdamedia
338 _acilt
_bnc
_2rdacarrier
490 1 _aTRT Müzik Dairesi yayınları ;
_v92
650 0 _aTürk Sanant Müziği.
_939967
650 0 _aMüzik--Türkiye.
_939968
830 1 _aTRT Müzik Dairesi yayınları ;
_v92
_939969
942 _2lcc
_cBK
999 _c17199
_d17199